Vývoj počtu úpadkov a bankrotov za rok 2010 v SR
Vývoj niektorých makroekonomických ukazovateľov začiatkom roka 2010 a nárast počtu bankrotov. Podiel vyhlásených konkurzov v jednotlivých sekciách ekonomických činností a odvetví. Podiel vyhlásených konkurzov v jednotlivých krajoch a počet povolených reštrukturalizácií za SR celkom.
Salvato in:
| Autore principale: | |
|---|---|
| Natura: | Capitolo di libro |
| Lingua: | slovacco |
| Soggetti: | |
| Tags: |
Nessun Tag, puoi essere il primo ad aggiungerne!!
|
MARC
| LEADER | 00000naa a2200000 4500 | ||
|---|---|---|---|
| 001 | 0128521 | ||
| 005 | 20221107084230.4 | ||
| 041 | 0 | |a slo | |
| 044 | |a SK | ||
| 245 | 1 | 0 | |a Vývoj počtu úpadkov a bankrotov za rok 2010 v SR |c Jana Marková |
| 520 | |a Vývoj niektorých makroekonomických ukazovateľov začiatkom roka 2010 a nárast počtu bankrotov. Podiel vyhlásených konkurzov v jednotlivých sekciách ekonomických činností a odvetví. Podiel vyhlásených konkurzov v jednotlivých krajoch a počet povolených reštrukturalizácií za SR celkom. | ||
| 610 | 2 | 0 | |a Slovensko |
| 610 | 2 | 0 | |a kríza hospodárska |
| 610 | 2 | 0 | |a sektory hospodárske |
| 610 | 2 | 0 | |a ukazovatele makroekonomické |
| 610 | 2 | 0 | |a vývoj podniku |
| 610 | 2 | 0 | |a reštrukturalizácia |
| 610 | 2 | 0 | |a konanie konkurzné |
| 610 | 2 | 0 | |a likvidácia podniku |
| 610 | 2 | 0 | |a bankrot |
| 100 | 1 | |a Marková, Jana | |